| 000 -LEADER |
| fixed length control field |
00793nam a22001577a 4500 |
| 003 - CONTROL NUMBER IDENTIFIER |
| control field |
OSt |
| 005 - DATE AND TIME OF LATEST TRANSACTION |
| control field |
20151207155454.0 |
| 008 - FIXED-LENGTH DATA ELEMENTS--GENERAL INFORMATION |
| fixed length control field |
151207b xxu||||| |||| 00| 0 eng d |
| 040 ## - CATALOGING SOURCE |
| Transcribing agency |
RUA |
| 082 ## - DEWEY DECIMAL CLASSIFICATION NUMBER |
| Classification number |
FIS LY 2005 B177 Or.1 |
| 100 ## - MAIN ENTRY--PERSONAL NAME |
| 9 (RLIN) |
4479 |
| Personal name |
LY THANITH; លី ថានិត |
| 245 ## - TITLE STATEMENT |
| Title |
The effects of formulated feed with different protein level on growth of oreochromis niloticus in hapa, ឥទ្ធិពលនៃការប្រើប្រាស់ចំណីផ្សំដែលមានកំរិតប្រូតេអ៊ីន ខុសៗគ្នាទៅលើការលូតលាស់របស់ត្រីទីឡាព្យា ក្នុងហាប៉ា. |
| 260 ## - PUBLICATION, DISTRIBUTION, ETC. (IMPRINT) |
| Place of publication, distribution, etc. |
Phnom Penh |
| Name of publisher, distributor, etc. |
RUA |
| Date of publication, distribution, etc. |
2005 |
| 300 ## - PHYSICAL DESCRIPTION |
| Extent |
viii; 42p. |
| Other physical details |
ill. |
| Dimensions |
29cm. |
| 942 ## - ADDED ENTRY ELEMENTS (KOHA) |
| Source of classification or shelving scheme |
|
| Koha item type |
FIS |